[Event "Krefeld op"]
[Site "Krefeld"]
[Date "2023.08.02"]
[Round "1"]
[White "Van Den Berg, Bart"]
[Black "Nezhyvenko, Mykhaylo"]
[Result "0-1"]
[WhiteElo "1674"]
[BlackElo "1899"]
[PlyCount "108"]
[EventDate "2023.08.02"]
[EventType "swiss"]
[EventRounds "9"]
[EventCountry "GER"]
[SourceTitle "CBM 215 Extra"]
[Source "ChessBase"]
[SourceDate "2023.09.30"]
[SourceVersion "1"]
[SourceVersionDate "2023.09.30"]
[SourceQuality "1"]

1. a3 e5 2. c4 Nf6 3. b4 d5 4. cxd5 Nxd5 5. Bb2 Bd6 6. Qc2 0-0 7. e3 c6 8. Nf3 Qe7 9. Nc3 Nxc3 10. Bxc3 f5 11. h4 Nd7 12. Bc4+ Kh8 13. h5 Nb6 14. Bb3 Nd5 15. Bb2 a5 16. h6 axb4 17. hxg7+ Qxg7 18. a4 Qxg2 19. Ke2 Qg7 20. Rag1 Qe7 21. Ng5 Rg8 22. f4 Rg7 23. Rh6 Bc7 24. Rgh1 Ra5 25. Rxh7+ Rxh7 26. Rxh7+ Qxh7 27. Nxh7 Kxh7 28. fxe5 Be6 29. Bxd5 Rxd5 30. e4 fxe4 31. Qxe4+ Kg7 32. Qxb4 Rd7 33. Qf4 Rf7 34. Qg5+ Kf8 35. Ba3+ Ke8 36. Bd6 Bd8 37. Qg6 Kd7 38. Qe4 b6 39. Qb4 Ke8 40. Bb8 Bd7 41. Qd6 Bg4+ 42. Ke3 Bg5+ 43. Kd3 Rd7 44. Kc3 Rxd6 45. Bxd6 Bd1 46. d4 Bxa4 47. Kb4 Bb5 48. Bc7 Bd8 49. Bb8 Be2 50. Kc3 Kd7 51. Bd6 Be7 52. Bb4 Ke6 53. Bxe7 Kxe7 54. d5 cxd5 0-1